| 000 | 00479nam a22001337a 4500 | ||
|---|---|---|---|
| 003 | SGT | ||
| 082 |
_a617.632 _bE17K |
||
| 100 | _aKAUR, TABEYA DEEP | ||
| 245 | _aEXPLORATION OF ASSOCIATION BETWEEN CHRONIC PERIODONTITIS AND SLEEP DEPRIVATION AND EVALUATION OF THIS INTER- RELATIONSHIP WITH STRESS HORMONE (CORTISOL) LEVELS: A CLINICO- IMMUNOLOGICAL STUDY | ||
| 260 |
_aDELHI NCR _bSGT UNIVERSITY GURUGRAM _c2017 |
||
| 300 | _a1-94 | ||
| 650 | _aPERIODONTOLOGY | ||
| 942 |
_2ddc _cTH |
||
| 999 |
_c15962 _d15962 |
||